| 000 | 00439nab a2200145Ia 4500 | ||
|---|---|---|---|
| 003 | ES-SlBCS | ||
| 005 | 20210601131744.0 | ||
| 008 | 140529s1929 xxu||||| |||| 00| 0 fre d | ||
| 041 | _afre | ||
| 100 | 1 |
_aLagrange, José María _9181766 |
|
| 245 | 0 | 0 |
_aMonseigneur Pierre Batiffol _c José María Lagrange |
| 600 | 1 | 4 |
_aBatiffol, Pierre _916865 |
| 773 | 0 |
_tVie Intelectuelle (La) _gvol. 2, nº. 6, 1929, págs. 398-423 _wRev907 |
|
| 942 | _cAR | ||
| 999 |
_c568235 _d568235 |
||